Noobs In Combat Tier Ones - Statistics

General Stats
  • This quiz has been taken 3 times
  • The average score is 26 of 34
Answer Stats
Unit type Answers % Correct
Towed Anti air gun
100%
Towed Anti tank gun
100%
Aircraft Armed heli
100%
Infantry AT Rifle
100%
Vehicle Biker
100%
Aircraft Biplane
100%
Naval Destroyer
100%
Towed Field gun
100%
Infantry Flamethrower
100%
Infantry Medium Gunner
100%
Vehicle Medium tank
100%
Infantry Riflemen
100%
Infantry Sapper
100%
Infantry Sniper
100%
Vehicle Supply wagon
100%
Vehicle Tankette
100%
Naval Cargo ship
67%
Naval Cruiser
67%
Naval Diesel sub
67%
Aircraft Dive bomber
67%
Towed Gun carrier
67%
Towed Mortar
67%
Vehicle Multi Ltank
67%
Towed Rocket battery
67%
Aircraft Seaplane
67%
Naval Seaplane tender
67%
Aircraft Spotter
67%
Naval Torpedo boat
67%
Vehicle Transport truck
67%
Vehicle Duck boat
33%
Vehicle Heavy tankette
33%
Towed Light tank CS
33%
Aircraft Missile heli
33%
Infantry Riflemen B
33%
No matching quizzes found
Score Distribution
Percent of People with Each Score
Percentile by Number Answered
Your Score History
You have not taken this quiz